000 00494nam a2200181Ia 4500
999 _c14353
_d14353
003 OSt
005 20201103124632.0
008 190216s9999||||xx |||||||||||||| ||und||
020 _a0143100998
040 _coclc
082 _a823
_bGOK/P
100 _aGokhale, Namita
_96195
245 0 _aParo Dreams Of Passion /
_cNamita Gokhale
260 _bPenguin Books,
_aNew delhi:
_c1984.
300 _a172p
650 _aEnglish
942 _cBK
_2ddc
_h823
_iGOK/P
_k823
_mGOK/P